Central Library OPAC University of Rajshahi

The law of easements / (Record no. 5171)

MARC details
000 -LEADER
fixed length control field 00664nam a2200241 a 4500
001 - CONTROL NUMBER
control field 5171
003 - CONTROL NUMBER IDENTIFIER
rucl marc code BD-RjUL
005 - DATE AND TIME OF LATEST TRANSACTION
control field 20211208234024.0
008 - FIXED-LENGTH DATA ELEMENTS--GENERAL INFORMATION
fixed length control field 131224s1948 ii 001 0 eng
035 ## - SYSTEM CONTROL NUMBER
System control number (BD-RjUL)5207
040 ## - CATALOGING SOURCE
Original cataloging agency DLC
Transcribing agency CarP
Modifying agency DLC
-- BD-RjUL
Language of cataloging eng
041 ## - LANGUAGE CODE
Language code of text/sound track or separate title eng
082 ## - DEWEY DECIMAL CLASSIFICATION NUMBER
Edition number 23
Author mark and year AML 1948
Classification number 347.2
100 1# - MAIN ENTRY--PERSONAL NAME
Personal name Amin, Babubhai Kashibhai
9 (RLIN) 16295
245 04 - TITLE STATEMENT
Title The law of easements /
Statement of responsibility, etc. B. K. Amin and C.G. Shastri
250 ## - EDITION STATEMENT
Edition statement 2d ed.
260 ## - PUBLICATION, DISTRIBUTION, ETC. (IMPRINT)
Place of publication, distribution, etc. Ahmedabad :
Name of publisher, distributor, etc. Chandrkant Chimanlal Vora,
Date of publication, distribution, etc. c1948
300 ## - PHYSICAL DESCRIPTION
Pagination 605 p. ;
Illustrations cm.
504 ## - BIBLIOGRAPHY, ETC. NOTE
Bibliography, etc Includes index.
650 ## - SUBJECT ADDED ENTRY--TOPICAL TERM
Topical term or geographic name as entry element Servitudes
9 (RLIN) 179873
700 ## - ADDED ENTRY--PERSONAL NAME
Personal name Shastri, C.G.
942 ## - ADDED ENTRY ELEMENTS (KOHA)
Source of classification or shelving scheme Dewey Decimal Classification
Koha item type Books
Holdings
Lost status Source of classification or shelving scheme Damaged status Not for loan Collection code Permanent Location Current Location Date acquired Source of acquisition Cost, normal purchase price Total Checkouts Full call number Date last seen Copy number Koha item type Shelving location
  Dewey Decimal Classification     Non-fiction Central Library, University of Rajshahi Central Library, University of Rajshahi 07/05/1954 U.b.d. rajshahi 16.00   347.2 AML 1948 24/12/2013 C-2 Books  
  Dewey Decimal Classification   Not For Loan Non-fiction Central Library, University of Rajshahi Central Library, University of Rajshahi 01/02/1955 U.B.D. Rajshahi. 8.00   347.2 AML 1948 29/12/2016 C-1 Books Reading Room